| 000 | 00695cam a2200229 a 4500 | ||
|---|---|---|---|
| 001 | 43544 | ||
| 003 | BD-RjUL | ||
| 005 | 20211209053719.0 | ||
| 008 | 160623s1962 pk b 000 0 eng d | ||
| 035 | _a(BD-RjUL)43662 | ||
| 035 | _a409377 | ||
| 040 |
_aANL _beng _cANL |
||
| 041 | _aeng | ||
| 082 | 0 | 4 |
_a352.15491 _220 _bHAD 1962 |
| 100 | 1 |
_aHasan, Parvez. _9133769 |
|
| 245 | 1 | 0 |
_aDeficit financing and capital formation : _bthe Pakistan experience 1951-59 / _cParvez Hasan. |
| 260 |
_aKarachi : _bInstitute of Development Economics, _c1962. |
||
| 300 |
_a97 p. : _bill. ; _c22 cm. |
||
| 504 | _aBibliography: p. 91-97. | ||
| 650 | 0 |
_aDeficit financing _zPakistan. _9133083 |
|
| 942 |
_2ddc _cBK |
||
| 999 |
_c43544 _d43544 |
||